<?xml version="1.0" encoding="UTF-8"?><?xml-stylesheet type="text/xsl" href="static/style.xsl"?><OAI-PMH xmlns="http://www.openarchives.org/OAI/2.0/" xmlns:xsi="http://www.w3.org/2001/XMLSchema-instance" xsi:schemaLocation="http://www.openarchives.org/OAI/2.0/ http://www.openarchives.org/OAI/2.0/OAI-PMH.xsd"><responseDate>2026-06-02T17:40:47Z</responseDate><request verb="GetRecord" identifier="oai:riuma.uma.es:10630/32989" metadataPrefix="marc">https://riuma.uma.es/rest/oai/request</request><GetRecord><record><header><identifier>oai:riuma.uma.es:10630/32989</identifier><datestamp>2026-03-13T09:15:29Z</datestamp><setSpec>com_10630_2254</setSpec><setSpec>col_10630_37953</setSpec></header><metadata><record xmlns="http://www.loc.gov/MARC21/slim" xmlns:dcterms="http://purl.org/dc/terms/" xmlns:doc="http://www.lyncode.com/xoai" xmlns:xsi="http://www.w3.org/2001/XMLSchema-instance" xsi:schemaLocation="http://www.loc.gov/MARC21/slim http://www.loc.gov/standards/marcxml/schema/MARC21slim.xsd">
   <leader>00925njm 22002777a 4500</leader>
   <datafield ind2=" " ind1=" " tag="042">
      <subfield code="a">dc</subfield>
   </datafield>
   <datafield ind2=" " ind1=" " tag="720">
      <subfield code="a">Leon-Silva, Jeimi Maribel</subfield>
      <subfield code="e">author</subfield>
   </datafield>
   <datafield ind2=" " ind1=" " tag="720">
      <subfield code="a">Perea-Khalifi, David</subfield>
      <subfield code="e">author</subfield>
   </datafield>
   <datafield ind2=" " ind1=" " tag="260">
      <subfield code="c">2024</subfield>
   </datafield>
   <datafield ind2=" " ind1=" " tag="520">
      <subfield code="a">COVID-19 created significant challenges in crisis management worldwide, especially for local governments that needed to communicate with citizens about health risks, policy decisions, and real-time information related to the pandemic. We analyse the evolution of the engagement between citizens and local governments on Twitter during the different phases of the first wave of the pandemic in Latin America, employing social media intelligence techniques to analyse 106,925 tweets from 103 local governments. Our results show enhanced engagement, especially in participation and collaboration, during the phases studied. Moreover, the increased use of social media as a communication channel was associated with mobility restrictions during the pandemic. Our research contributes to a deeper understanding of the role of social media as a communication channel between governments and citizens in the different phases of crisis management.</subfield>
   </datafield>
   <datafield ind1="8" ind2=" " tag="024">
      <subfield code="a">Leon-Silva, J. M., &amp; Perea-Khalifi, D. (2024). Crisis management through citizen engagement on Twitter: The case of the covid-19 pandemic in Latin American municipalities. International Public Management Journal, 1–19. https://doi.org/10.1080/10967494.2024.2382733</subfield>
   </datafield>
   <datafield ind1="8" ind2=" " tag="024">
      <subfield code="a">https://hdl.handle.net/10630/32989</subfield>
   </datafield>
   <datafield ind1="8" ind2=" " tag="024">
      <subfield code="a">10.1080/10967494.2024.2382733</subfield>
   </datafield>
   <datafield tag="653" ind2=" " ind1=" ">
      <subfield code="a">Comunicación</subfield>
   </datafield>
   <datafield tag="653" ind2=" " ind1=" ">
      <subfield code="a">Medios sociales</subfield>
   </datafield>
   <datafield tag="653" ind2=" " ind1=" ">
      <subfield code="a">Administración municipal</subfield>
   </datafield>
   <datafield ind2="0" ind1="0" tag="245">
      <subfield code="a">Crisis management through citizen engagement on Twitter: The case of the covid-19 pandemic in Latin American municipalities</subfield>
   </datafield>
</record>
</metadata></record></GetRecord></OAI-PMH>